000 01013nam a22002537a 4500
003 OSt
005 20220119034634.0
008 160506b xxu||||| |||| 00| 0 eng d
010 _a 00702932
020 _a1576737160
040 _aMMU
_cMMU
_dMMU
_beng
050 0 0 _aBT140
_b.M365 2000
100 1 _aManning, Brennan.
245 1 4 _aThe ragamuffin Gospel /
_cBrennan Manning ; foreword by Michael W. Smith ; testimony by Rich Mullins.
260 _aSisters, Or. :
_bMultnomah Publishers,
_cc2000.
300 _a235 p. ;
_c21 cm.
504 _aIncludes bibliographical references (p. 205-214).
650 0 _aGod (Christianity)
_xLove.
856 4 2 _3Publisher description
_uhttp://www.loc.gov/catdir/enhancements/fy0659/00702932-d.html
856 4 2 _3Contributor biographical information
_uhttp://www.loc.gov/catdir/enhancements/fy0659/00702932-b.html
906 _a7
_bcbc
_corigcop
_d2
_encip
_f20
_gy-gencatlg
942 _2lcc
_cLOAN LOAN
999 _c17185
_d17185